Aeropuertos (Registro nro. 57054)

Detalles MARC
000 -ENCABEZADO
Número de control [NR] 01112nam a2200277Ia 4500
008 - DE LONGITUD FIJA DE DATOS DE ELEMENTOS - INFORMACIÓN GENERAL
Elementos de longitud fija [NR] 130821s1987 sp a gr spa
020 ## - NUMERO INTERNACIONAL NORMALIZADO PARA LIBROS [R]
Número Internacional Normalizado del libro [NR] 8428314969
040 ## - FUENTE DE CATALOGACION [NR]
Agencia de catalogación original [NR] CO-BoUCM
Idioma de catalogación [NR] spa
Quien Cataloga
Quien Clasifica Aldemar Mondragón (modificó)
041 00 - CODIGO DE IDIOMA [R]
Código de idioma para texto/pista de sonido o título separado [R] Español
100 1# - ASIENTO PRINCIPAL--NOMBRE PERSONAL [NR]
Nombre personal [NR] Ashford, N. A.
ID Autoridad 40485
245 10 - MENCION DE TITULO [NR]
Título [NR] Aeropuertos
Mención de responsabilidad, etc. [NR] N. Ashford y P.H. Wright. ; traducido por Luis Marquina Sánchez
260 ## - PUBLICACION, DISTRIBUCION, ETC. (PIE DE IMPRENTA) [R]
Lugar de publicación, distribución, etc. [R] Madrid (España)
Nombre del editor, distribuidor, etc. [R] Editorial Paraninfo
Fecha de publicación, distribución, etc. [R] 1987
300 ## - DESCRIPCION FISICA [R]
Extensión [R] 546 páginas
Otros detalles físicos [NR] ilustraciones
Material acompañante [NR] plano
504 ## - NOTA DE BIBLIOGRAFIA, ETC. [R]
Nota de bibliografía, etc. [NR] Incluye referencias bibliográficas e índices
505 ## - NOTA DE CONTENIDO CON FORMATO PREESTABLECIDO [R]
State manifest and birth record (1764-1977). Ingenieria
-- Transporte
-- Aviones (influencia) trafico, acceso
-- Helicopteros
-- Terminales
-- Mercancia
650 #7 - ASIENTO SECUNDARIO DE MATERIA - TERMINO TEMATICO [R]
Término temático o nombre geográfico como elemento de entrada [NR] Administración de aeropuertos
9 (RLIN) 8529
650 #7 - ASIENTO SECUNDARIO DE MATERIA - TERMINO TEMATICO [R]
Término temático o nombre geográfico como elemento de entrada [NR] Aeropuertos
9 (RLIN) 8660
650 #7 - ASIENTO SECUNDARIO DE MATERIA - TERMINO TEMATICO [R]
Término temático o nombre geográfico como elemento de entrada [NR] Aeropuertos
Subdivisión general [R] Diseño y construccion
9 (RLIN) 8660
650 #7 - ASIENTO SECUNDARIO DE MATERIA - TERMINO TEMATICO [R]
Término temático o nombre geográfico como elemento de entrada [NR] Ingeniería
9 (RLIN) 17607
690 ## - ASUNTO AGREGADO LOCAL DE ENTRADA - TÉRMINO TEMÁTICO (OCLC, RLIN)
Acceso temático local Ingeniería
9 (RLIN) 17607
700 1# - ASIENTO SECUNDARIO - NOMBRE PERSONAL [R]
Nombre personal [NR] Marquina Sánchez, Luis
Término de relación [R] traductor
9 (RLIN) 40486
700 1# - ASIENTO SECUNDARIO - NOMBRE PERSONAL [R]
Nombre personal [NR] Wright, P.H.
9 (RLIN) 40487
765 ## - ASIENTO DE IDIOMA ORIGINAL [R]
Asiento principal [NR] Airopot engineering
942 ## - ELEMENTOS DE ENTRADA AGREGADOS (KOHA)
Tipo de ítem principal el descrito en 300a Libro
Tema principal Ciencias aplicadas
Edición 1
Parte restante de la signatura top. A825a
Sistema de clasificación DEWEY
Clasificación 629.136
Existencias
Fecha de último préstamo Total préstamos Signatura topográfica Código de barras Última vez visto Ejemplar Costo de reposición Price effective from Tipo de ítem Perdido Sistema de clasificación Dañado No prestable Tipo de ítem específico Suprimido Ubicación habitual Ubicación actual Localización Fecha de creación Proveedor Forma de adquisición Costo
29/03/2025 2 629.136 A825a 100134738 09/12/2025 Ej.2 216154.00 05/07/2013 Libro   DEWEY     Libro   Claustro Claustro 4to piso 05/07/2013 19 Compra 216200.00
    MAP 0142 100134739 10/12/2025 Ej.1   05/07/2013 Mapa   LOCAL     Mapa   Claustro Claustro 2do piso 05/07/2013   Compra 216200.00
    MAP 0142 100126784 10/12/2025 Ej.2 216200.00 23/09/2013 Mapa   LOCAL     Mapa   Claustro Claustro 2do piso 23/09/2013   Compra